00238nam a22001097a 4500003000400000020002200004082001900026100001800045245003000063260002700093300000800120SGT a978-81-224-1850-7 a 746.92bGOP aGOPAL, C.RAMA aEXPORT IMPORT PROCEDURES  aDELHI bNEW AGE c2021 a232